Bezirke der Steiermark - Statistiken

Allgemein
  • Dieses Quiz wurde 138 mal gespielt
  • Das Durchschnittsergebnis liegt bei 10 aus 13
Antwortstatistiken
Antworten % Korrekt
Graz
97%
Graz-Umgebung
89%
Leoben
81%
Murtal
81%
Südoststeiermark
81%
Murau
79%
Weiz
75%
Liezen
74%
Deutschlandsberg
71%
Leibnitz
69%
Voitsberg
65%
Bruck-Mürzzuschlag
64%
Hartberg-Fürstenfeld
61%
Keine übereinstimmenden Quizze gefunden
Verteilung der Resultate
Anzahl Personen mit jedem Resultat
Perzentil nach korrekt beantworteten Fragen
Ihre Resultats-Entwicklung
Sie haben dieses Quiz noch nicht gespielt